Marriage: (Record no. 14626)

000 -LEADER
fixed length control field 00574nam a2200193 a 4500
001 - CONTROL NUMBER
control field :::00012458$&:&@@
003 - CONTROL NUMBER IDENTIFIER
control field OkBaRHE
005 - DATE AND TIME OF LATEST TRANSACTION
control field 20100402121733.0
008 - FIXED-LENGTH DATA ELEMENTS--GENERAL INFORMATION
fixed length control field s1970 j 000 0 eng u
040 ## - CATALOGING SOURCE
Transcribing agency
100 1# - MAIN ENTRY--PERSONAL NAME
Personal name Drakeford, John W.
245 10 - TITLE STATEMENT
Title Marriage:
Remainder of title duet or discord?
260 ## - PUBLICATION, DISTRIBUTION, ETC. (IMPRINT)
Place of publication, distribution, etc Grand Rapids, MI., :
Name of publisher, distributor, etc Zondervan Publishing House
Date of publication, distribution, etc 1970
300 ## - PHYSICAL DESCRIPTION
Extent 128 p. ;
Dimensions 21 cm.
650 ## - SUBJECT ADDED ENTRY--TOPICAL TERM
Topical term or geographic name as entry element Family
650 ## - SUBJECT ADDED ENTRY--TOPICAL TERM
Topical term or geographic name as entry element Marriage
942 ## - ADDED ENTRY ELEMENTS (KOHA)
Source of classification or shelving scheme
Koha item type Books
Copies
Source of classification or shelving scheme Permanent Location Not for loan Damaged status Withdrawn status Koha item type Date last seen Copy number Lost status Full call number Barcode Shelving location Price effective from Date acquired
 RHEMA Bible Training College   Books2010-04-141 HQ 734 .D8 197012458General Stacks2010-04-142010-04-14